00205nam a2200085Ia 4500008004100000100001300041245004000054260001600094260000900110170617s9999 xx 000 0 und d aWerumuth 4aThe Practice of medicinal Chemistry bElesvir Pub c2008